000 00437nam a22001697a 4500
005 20180719163404.0
008 160526b xxu||||| |||| 00| 0 eng d
020 _a81-7446-453-0
041 _aeng
082 _b5048
_a658.15244
100 _aRangaranjan, Krish & Mishra, Anil
_91270
245 _aWorking Capital Management
260 _aNew Delhi
_bAcademic Faundation
300 _a253p,
650 _aManagement
_9241
942 _cBK
999 _c1765
_d1764